000 01661cam a2200469 4500
001 22790
003 SK-KTurca
005 20260424143433.0
008 200507s2019 xo af br 000 j slo
015 _aSNBA2019/12
020 _a9788055168418
_q(brožované)
035 _aurn:nbn:sk:snk-am00dxbn
035 _aurn:nbn:sk:snk-am3i8f6
035 _a305D5321-0E15-4728-8B74-F5A6363BD061
040 _aTTKJF
_bslo
_cTTKJF
_dSNK
_erda
041 1 _aslo
_hpol
044 _axo
_cSK
072 7 _a821.162.1
_xPoľská literatúra
_2konspekt
072 7 _a821-93
_xLiteratúra pre deti a mládež (beletria)
080 _a821.162.1-32
_22011
080 _a82-93-053.4/.5
_22011
100 1 _aSamojlik, Tomasz,
_d1978-
_4aut
240 1 0 _aAmbaras
_lSlovensky
245 1 0 _aMalý vlk s veľkým srdcom
_cTomasz Samojlik ; ilustrovala Elżbieta Wasiuczyńska ; preložili Zuzana Mitková a Marek Mitka
250 _aPrvé vydanie
264 1 _aBratislava
_bIkar, a. s. - Stonožka
_c2019
300 _a151 strán
_bilustrácie, ilustrované listy
_c22 cm
336 _atext
_btxt
_2rdacontent
337 _abez média
_bn
_2rdamedia
338 _azväzok
_bnc
_2rdacarrier
500 _aPreložené z polštiny
500 _aVydalo vydavateľstvo Stonožka v spoločnosti Ikar, a.s.
521 8 _aPre čitateľov od 6 rokov
655 7 _apoľské príbehy
_2SNKPH
655 7 _aliteratúra pre deti
_2SNKPH
655 7 _aPolish stories
_2SNKPHeng
655 7 _aChildren's literature
_2SNKPHeng
700 1 _aWasiuczyńska, Elżbieta
_4ill
700 1 _aMitková Zuzana,
_d1981-
_4trl
700 1 _aMitka, Marek,
_d1980-
_4trl
942 _2ddc
_cKLDE
_n0
999 _c22790
_d22790